| 000 | 00586nam a2200181Ia 4500 | ||
|---|---|---|---|
| 005 | 20260601193225.0 | ||
| 008 | 260601s9999||||xx |||||||||||||| ||und|| | ||
| 020 |
_a978-3-031-49585-4 _qebk |
||
| 100 | _aJason Staggs | ||
| 245 | 0 | _aCritical Infrastructure Protection XVII | |
| 250 | _a2024 | ||
| 260 |
_aHeidelberg, Germany _bSpringer Nature _c2024 |
||
| 440 | _aIFIP Advances in Information and Communication Technology | ||
| 650 | _aComputer Science | ||
| 700 | _aSujeet Shenoi | ||
| 856 | _uhttps://link.springer.com/openurl?genre=book&isbn=978-3-031-49585-4 | ||
| 942 |
_cEB _2ddc |
||
| 999 |
_c55915 _d55915 |
||